| 000 | 00390nam a22001577a 4500 | ||
|---|---|---|---|
| 999 |
_c7481 _d7479 |
||
| 005 | 20210227144324.0 | ||
| 008 | 210227b ||||| |||| 00| 0 eng d | ||
| 020 | _a9789384875473 | ||
| 041 | _aeng | ||
| 082 | _a615 UDD-P | ||
| 100 |
_aUDDIN, REHAN RAJAWAT JITENDRA AND SINGH AJAY KUMAR _96409 |
||
| 245 | _aPHARMACY PRACTICE | ||
| 300 | _a336 P | ||
| 650 |
_aPHARMACY _96417 |
||
| 942 | _cBK | ||